Deutscher Stahlbau
Saved in:
| Format: | Book |
|---|---|
| Language: | German |
| Published: |
Colonia
Deutscher Stahlbau-Verband
1953
|
| Subjects: | |
| Tags: |
Add Tag
No Tags, Be the first to tag this record!
|
MARC
| LEADER | 00000nam a2200000 a 4500 | ||
|---|---|---|---|
| 001 | UCV9170 | ||
| 003 | CL-VaPUC | ||
| 008 | 920619e19530000GW |||||||||||||||||ger|d | ||
| 082 | 0 | 4 | |a 624.1821 |b DEU |2 21 |
| 245 | 1 | 0 | |a Deutscher Stahlbau |
| 300 | |a 105 p | ||
| 942 | |c BK | ||
| 945 | |d 19920619 00:00:00 | ||
| 260 | |a Colonia |b Deutscher Stahlbau-Verband |c 1953 | ||
| 650 | 0 | |a Estructuras de acero |9 260344 | |
| 583 | |a last modification |c 19920619 00:00:00 |k Rodrigo Vera | ||
| 999 | |c 214549 |d 214547 | ||
| 952 | |0 0 |1 0 |4 0 |6 624_182100000000000_DEU_1953 |7 0 |8 P |9 198021 |a BIBARQ |b BIBARQ |d 2019-11-14 |i 2656205 |o 624.1821 DEU 1953 |p 2656205 |r 2025-01-20 |w 2019-11-14 |y BK |k ARQ | ||